|
|
|
|
| LEADER |
00000nab a2200000uu 4500 |
| 001 |
vtls011449928 |
| 003 |
SK-MaSNL |
| 005 |
20260303151301.0 |
| 008 |
230222|1976 xo |||||||||||||||||cze| |
| 015 |
|
|
|a SNBRB
|
| 035 |
|
|
|a (urnnbn)urn:nbn:sk:snk:ar-006d9t
|
| 035 |
|
|
|a (uuid)88d372da-2d51-4aad-a4f4-d7582882aff7
|
| 035 |
|
|
|a urn:nbn:sk:snk-abcm8f
|
| 040 |
|
|
|a SNKBUCL
|b slo
|c SNKBUCL
|e AACR2
|
| 041 |
0 |
|
|a cze
|
| 044 |
|
|
|a xo
|c SK
|
| 100 |
1 |
|
|a Štěpánek, Ladislav
|4 aut
|9 780852
|
| 245 |
1 |
0 |
|a Zahrada a její uspořádání
|c Ladislav Štěpánek
|
| 773 |
0 |
|
|t Životné prostredie : revue pre teóriu a starostlivosť o životné prostredie
|g Roč. 10, č. 4 (1976), s. 221
|
| 958 |
|
|
|a OND
|
| 958 |
|
|
|a EUIPO
|
| 958 |
|
|
|a article16
|
| 999 |
|
|
|c 2016913
|d 2018843
|